Hastening Slowly: (Record no. 194494)

MARC details
000 -LEADER
fixed length control field 00779nam a22001937a 4500
005 - DATE AND TIME OF LATEST TRANSACTION
control field 20221223154159.0
010 ## - LCCN (DPL NO)
LC control number ENG-135931
020 ## - INTERNATIONAL STANDARD BOOK NUMBER
International Standard Book Number 9789352870783
Terms of availability 849.00
035 ## - SYSTEM CONTROL NUMBER
System control number EN-119463
037 ## - SOURCE OF ACQUISITION
Source of stock number/acquisition DBAD/PUB
082 ## - DEWEY DECIMAL CLASSIFICATION NUMBER
Classification number 338.954
100 ## - MAIN ENTRY--PERSONAL NAME
Personal name Babu, M. Suresh
245 ## - TITLE STATEMENT
Title Hastening Slowly:
Remainder of title India's industrial growth in the era of economic reforms/
Statement of responsibility, etc by M. Suresh Babu and foreword by K.L. Krishna
260 ## - PUBLICATION, DISTRIBUTION, ETC. (IMPRINT)
Place of publication, distribution, etc Telangana
Name of publisher, distributor, etc Orient Blackswan private Limited
Date of publication, distribution, etc 2018
270 ## - ADDRESS
Address 3-6-752 Himayatnagar, Hyderabad
City Telangana
Postal code 500029
Electronic mail address centraloffice@orientblackswan.com
300 ## - PHYSICAL DESCRIPTION
Extent xvii,237p.
Dimensions 22cm(hbk)
Other physical details List of tables and figures, Abbreviations, Appendices, References, Index
700 ## - ADDED ENTRY--PERSONAL NAME
Personal name Krishna, K.L
Relator term Foreword
942 ## - ADDED ENTRY ELEMENTS (KOHA)
Source of classification or shelving scheme Dewey Decimal Classification
Item type English Books
Call number suffix BAB
Classification part 338.954
Holdings
Withdrawn status Lost status Not for loan Collection code Home library Current library Date acquired Source of acquisition Cost, normal purchase price Full call number Barcode Copy number Cost, replacement price Koha item type
      Non-fiction Kasturba Gandhi Marg Kasturba Gandhi Marg 23/12/2022 DBAD/PUB 849.00 338.954 BAB EN-119463 1 849.00 English Books

© Delhi Public Library
Hit Counter
free hit counter